000 00674nam a2200289Ia 4500
005 20260324150744.0
008 008 260324s9999 xx 000 0 eng d
020 _a9781315010762
037 _aEBOOK
040 _aCRL
040 _beng
040 _cCRL
041 _2eng
041 _aeng
084 _qCRL
100 _a Lowy, Samuel
_91202398
245 0 _aMan & His Fellowmen
245 0 _bModern Chapters on Social Psychology
260 _bTaylor and Francis
260 _c1944
365 _a
365 _b300
856 _uhttp://www.taylorfrancis.com/books/9781315010762
942 _cEBOOK
999 _c1837530
_d1837530